| 000 | 00901nam a22002777a 4500 | ||
|---|---|---|---|
| 003 | CHAP | ||
| 005 | 20220329135028.0 | ||
| 008 | 971013s1963 r 00010 d | ||
| 010 | _a29799 | ||
| 011 | _a30771 | ||
| 035 | _a34883 | ||
| 040 | _cCHAP | ||
| 090 | _aFolleto 1141 | ||
| 100 | 0 | 0 |
_aLieth, Helmut. _966739 |
| 245 | _aCurso sobre métodos de trabajo en fisioecología | ||
| 260 |
_aIbagué, Colombia : _bUniversidad del Tolima, Facultad de Ingeniería Agronómica, _c1963 |
||
| 300 |
_apág. varía _b: ilus. |
||
| 590 |
_aBATCH-UPD _b10 _c20130110 _lUCH01 _h2121 |
||
| 590 |
_aBATCH-UPD _b10 _c20130410 _lUCH01 _h1431 |
||
| 590 |
_aBATCH-UPD _b10 _c20130914 _lUCH01 _h1250 |
||
| 590 |
_aCONVERSION _b10 _c20130109 _lUCH01 _h1317 |
||
| 650 | 1 | 4 |
_aEcología vegetal _xManuales de laboratorio. _935192 |
| 901 | _aBK | ||
| 942 | _cFOLL | ||
| 949 |
_aFolleto 1141 _bBC _cFOLL _d-80617 _eTS1 _i34883 _mD _si |
||
| 999 |
_c29799 _d29799 |
||